|
|
|
|
| LEADER |
00000nam0a2200000 4500 |
| 001 |
255762 |
| 005 |
20231031215242.0 |
| 020 |
|
|
|a RU
|b 89-41541ж
|
| 035 |
|
|
|a (RuTPU)RU\TPU\book\278299
|
| 090 |
|
|
|a 255762
|
| 100 |
|
|
|a 20140401a1989 m y0rusy5003 ca
|
| 101 |
0 |
|
|a rus
|
| 102 |
|
|
|a RU
|
| 105 |
|
|
|a a z 000zy
|
| 200 |
1 |
|
|a Эврика-89
|e сборник
|f сост. В. Ксионжек
|
| 210 |
|
|
|a Москва
|c Молодая гвардия
|d 1989
|
| 215 |
|
|
|a 302,[1] с.
|c ил.
|
| 225 |
1 |
|
|a Эврика
|
| 606 |
1 |
|
|a Научные открытия
|2 stltpush
|3 (RuTPU)RU\TPU\subj\45071
|
| 610 |
1 |
|
|a наука
|
| 610 |
1 |
|
|a Вселенная
|
| 610 |
1 |
|
|a Земля
|
| 610 |
1 |
|
|a жизнь
|
| 610 |
1 |
|
|a органический мир
|
| 610 |
1 |
|
|a человек
|
| 610 |
1 |
|
|a роботы
|
| 610 |
1 |
|
|a НТП
|
| 610 |
1 |
|
|a промышленность
|
| 610 |
1 |
|
|a экология
|
| 610 |
1 |
|
|a чудеса света
|
| 610 |
1 |
|
|a наноматериалы
|
| 686 |
|
|
|a Ч21
|2 rubbk
|
| 702 |
|
1 |
|a Ксионжек
|b В.
|4 220
|
| 801 |
|
0 |
|a RU
|b RuMRKP
|c 19950417
|g psbo
|
| 801 |
|
1 |
|a RU
|b 63413507
|c 20140401
|
| 801 |
|
2 |
|a RU
|b 63413507
|c 20191125
|g RCR
|
| 942 |
|
|
|c BK
|